000 00356nam a2200145Ia 4500
003 Ost
005 20260225132556.0
008 260225s9999||||xx |||||||||||||| ||und||
040 _cfsic
041 _afre
082 _a302.23
245 0 _aCroissance demographique et communication de masse :
245 0 _breceuil des communications /
942 _cكتاب
999 _c34491
_d34491